[Event "London Classic op U1600 11th"]
[Site "London"]
[Date "2019.11.30"]
[Round "2"]
[White "Sermaxhaj, Kelvin"]
[Black "Hotarek, Jan"]
[Result "1-0"]
[WhiteElo "1157"]
[BlackElo "1396"]
[PlyCount "49"]
[EventDate "2019.11.29"]
[EventType "swiss"]
[EventRounds "5"]
[EventCountry "ENG"]
[SourceTitle "CBM 195 Extra"]
[Source "ChessBase"]
[SourceDate "2020.05.31"]
[SourceVersion "1"]
[SourceVersionDate "2020.05.31"]
[SourceQuality "1"]

1. b3 d5 2. Bb2 c5 3. e3 a6 4. Nf3 Nc6 5. a4 Nf6 6. Be2 Qc7 7. d4 b6 8. h3 Bf5 9. Bd3 e6 10. Bxf5 exf5 11. dxc5 Ne4 12. cxb6 Bb4+ 13. c3 Qxb6 14. cxb4 Nxb4 15. 0-0 0-0 16. Qd4 Qxd4 17. Nxd4 Nd3 18. Ba3 Rfc8 19. f3 Ng3 20. Rd1 Ne5 21. Kf2 Nh5 22. f4 Ng6 23. Nd2 h6 24. Rac1 Ne7 25. Bxe7 1-0